00557nam a2200181Ia 450000500170000000800410001702000150005805000250007310000180009824500850011626000400020130000210024144000060026252100080026852600090027665000560028565000340034120140407103051.0140130s9999 xx 000 0 und d a0590428977 aE 185.96b.H355 1992 aHaskins, Jim. cJim Haskins.aOne more river to cross :bthe stories of twelve black americans / bScholastic Inc.,cc1992.aNew York: a215 p. :c23 cm. v1 aG10 c1070 aAfrican AmericansxBiographyxJuvenile literature.  aAfrican AmericansxBiography.